00423cam a2200169ua 45000010005000000080039000050400009000440410008000530820012000611000026000732450045000992500009001442600027001533000010001806530044001906530019002347408141209n ii |||gr||||Z||||||ben cMAIN aben a891.443 aWells, H.J.,eAuthor.1 aThe first man in the mooncBy H.J. Wells a1st. aKolkatta:bDeb,c1974. a104p. aEast Indo-European & Celtic literatures aBengali novels